| 000 | 00838nam a22002177a 4500 | ||
|---|---|---|---|
| 003 | 0 | ||
| 005 | 20250129102607.0 | ||
| 008 | 150923b xxu||||| |||| 00| 0 eng d | ||
| 050 |
_aPGS HQ 784.D5 _b.G948 2015 |
||
| 100 | _aGuido, Greg Sean B. | ||
| 245 |
_aUse of electronic gadgets and social skills / _cGreg Sean B. Guido. |
||
| 260 |
_aLas PiƱas City, Philippines : _bSouthville International School and Colleges, _c2015. |
||
| 300 |
_a31 p. : _bill. ; _c28 cm. _fPASS |
||
| 504 | _aIncludes bibliographical references. | ||
| 650 |
_2Library of Congress Subject Headings _aChildren _vEffect of technological innovations on. |
||
| 650 |
_aElectronic devices _vSocial aspects. |
||
| 650 | _aSocial skills in children. | ||
| 650 |
_aElementary school students _vPsychology. |
||
| 650 | _aTechnology and children. | ||
| 942 |
_2lcc _cPASS |
||
| 999 |
_c288717 _d288717 |
||